000 00574nam a22001697a 4500
005 20251108172839.0
008 250721s2004 xx 000 0 ara d
082 1 4 _a615.882/ غبر
100 1 _aغبرة، رياض أجود
245 1 0 _aالتداوي بالحجامة (علم- طب- وقاية- علاج- عرض لفوائدها و كيفية اجرائها) /
264 1 _aعمان :
_bدار الاسراء للنشر،
_c2004.
300 _a88ص
650 1 7 _aالسنة النبوية
650 1 7 _aالطب الشعبي
942 _2ddc
_cBK
999 _c89955
_d89955